00285 a2200121 4500003000400000005001700004008004100021022001500062040000600077100002200083245004900105260000900154OSt20180116182932.0160816b xxu||||| |||| 00| 0 eng d a8170230306 c0 aDrucker, Peter F. aThe Practice of ManagementcPeter F. Drucker c1996